000 00686nam0a2200229 4500
001 RU\NLR\bibl\1932732
005 20250616202538.0
021 _aRU
_b2012-52140
_93803
035 _a(NLR Aleph) 001922077
090 _a3319979
_c3319979
100 _a20120808d2011 |||y0rusy50 ca
101 0 _arus
102 _aRU
105 _ay |||||||||
200 1 _aEnglish Tests. учебно-метод. пособие
210 _aЙошкар-Ола
_cБ.и.
_d2011
215 _d21
801 0 _aRU
_bNLR
_c20120808
_gRCR
801 1 _aRU
_bNLR
_c20120808
942 _cBOOK
980 _aNB